LEADER 01178nam0-22003251i-450 001 990006625490403321 005 20200605095509.0 100 $a20001010d1972----km-y0itay50------ba 101 0 $aita 102 $aIT 105 $ay-------001yy 200 1 $aAnnali delle epidemie occorse in Italia dalle prime memorie fino al 1850$ecompilati con varie note e dichiarazioni$fAlfonso Corradi 210 $aBologna$cForni$d1972 215 $a5 v.$d22 cm 225 1 $aBiblioteca di storia della Medicina$v1 327 1 $a1.: Fino al 1600$a2.: Dal 1601 al 1800$a3.: Dal 1801 al 1850$a4.: Aggiunte e correzioni fino al 1700$a5.: Aggiunte e correzioni fino al 1850 610 0 $aEpidemie$aItalia$aStoria$aDocumenti 676 $a614.49$v23$zita 700 1$aCorradi,$bAlfonso$0247946 801 0$aIT$bUNINA$gREICAT$2UNIMARC 901 $aBK 912 $a990006625490403321 952 $aXI A 28 (1)$b2354$fFSPBC 952 $aXI A 28 (2)$fFSPBC 952 $aXI A 28 (3)$fFSPBC 952 $aXI A 28 (4)$fFSPBC 952 $aXI A 28 (5)$fFSPBC 959 $aFSPBC 996 $aAnnali delle epidemie occorse in Italia dalle prime memorie fino al 1850$9919492 997 $aUNINA LEADER 00977nam 2200349 450 001 9910809548503321 005 20221107203044.0 010 $a1-4988-3359-4 035 $a(CKB)4100000011791095 035 $a(MiAaPQ)EBC6504204 035 $a(NjHacI)994100000011791095 035 $a(EXLCZ)994100000011791095 100 $a20221107d2021 uy 0 101 0 $aeng 135 $aur||||||||||| 181 $ctxt$2rdacontent 182 $cc$2rdamedia 183 $acr$2rdacarrier 200 10$aStrongyloidiasis $eGlobal Status /$fStephen A. Berger 210 1$aLos Angeles :$cGideon Informatics, Inc,$d2021. 215 $a1 online resource (72 pages) 517 $aStrongyloidiasis 606 $aStrongyloidiasis 615 0$aStrongyloidiasis. 676 $a616.9654 700 $aBerger$b Stephen A.$01599905 801 0$bNjHacI 801 1$bNjHacl 906 $aBOOK 912 $a9910809548503321 996 $aStrongyloidiasis$93922814 997 $aUNINA